| 000 | 00522nam a2200169Ia 4500 | ||
|---|---|---|---|
| 003 | GCL | ||
| 008 | 140319s9999 xx 000 0 ara d | ||
| 040 |
_aGCL / _cGCL |
||
| 082 | 0 | 4 |
_a842.052 _bك س |
| 100 | 1 | _aكامى، البير | |
| 245 | 1 | 0 |
_aسوء التفاهم / _cكامى، البير |
| 700 | 1 | _aسامية احمد اسعد | |
| 490 |
_aمسرحيات عالمية _v0 |
||
| 650 | 0 | 4 | _aالمسرحيات العالمية |
| 650 | 0 | 4 | _aالمسرحيات الفرنسية المترجمة |
| 942 |
_2ddc _cBK |
||
| 999 |
_c40125 _d40125 |
||